001960000a220007300045001000024000002450023000243000053000477730022001001 aSafren, Jonathan D.10aBaalam and Abraham aVol. 38, Num. 1 (Enero, 1988), Páginas 105-1130 tVetus Testamentum